[Event "Summer Team Tournament 2020"]
[Site "Skype"]
[Date "????.??.??"]
[Round "1"]
[White "Perez, Luis Horacio"]
[Black "Mishra, Vikash"]
[Result "0-1"]
[WhiteElo "1327"]
[BlackElo "1214"]
[PlyCount "58"]

1. e4 c5 2. Nf3 Nc6 3. Bc4 e6 4. O-O Nf6 5. h3 d5 6. exd5 exd5 7. Re1+ Be7 8.
Bf1 O-O 9. d3 h6 10. Bf4 b6 11. Qd2 Bb7 12. Bxh6 gxh6 13. Qxh6 Nh7 14. c3 Qd6
15. Qh5 Qg6 16. Qxd5 Bf6 17. Nbd2 Rad8 18. Qb3 Ng5 19. Nxg5 Bxg5 20. Nf3 Kg7
21. Qc4 Bc8 22. d4 Na5 23. Qb5 Rh8 24. g4 Bf4 25. dxc5 Bxg4 26. Ne5 Bxe5 27.
Rxe5 Bxh3+ 28. Kh2 Bxf1+ 29. Rh5 Rxh5# 0-1

[Event "Summer Team Tournament 2020"]
[Site "Skype"]
[Date "????.??.??"]
[Round "1"]
[White "Maalik, Aakash"]
[Black "Chavez, Isidro"]
[Result "1-0"]
[WhiteElo "1000"]
[BlackElo "1192"]
[PlyCount "83"]

1. d4 Nf6 2. Bf4 g6 3. e3 Bg7 4. Be2 d6 5. c4 Nc6 6. Nc3 O-O 7. Nf3 Bf5 8. O-O
a6 9. a3 Re8 10. Nd2 e5 11. dxe5 dxe5 12. Bg5 b5 13. cxb5 axb5 14. Bxb5 Bd7 15.
Nde4 Re6 16. Qe2 Qe8 17. Bxf6 Bxf6 18. Nc5 Rd6 19. N3e4 Qe7 20. Nxd6 cxd6 21.
Nxd7 Qxd7 22. e4 Rb8 23. a4 Qc7 24. Rac1 Rb6 25. a5 Nd4 26. Rxc7 Nxe2+ 27. Bxe2
Rxb2 28. Re1 Kg7 29. a6 Bd8 30. a7 Ra2 31. Rc8 Rxa7 32. Rxd8 Ra4 33. Bf3 g5 34.
g4 Ra3 35. Kg2 Rd3 36. Rd1 Rc3 37. R1xd6 Rc5 38. Rd5 Rxd5 39. exd5 Kg6 40. d6
Kf6 41. Re8 Kg7 42. d7 1-0

[Event "Summer Team Tournament 2020"]
[Site "Skype"]
[Date "????.??.??"]
[Round "1"]
[White "Lopez, Jose Luis"]
[Black "Legueltel, Daniel"]
[Result "1-0"]
[WhiteElo "1951"]
[BlackElo "1747"]
[PlyCount "35"]

1. e4 e5 2. Nf3 Nc6 3. Bb5 a6 4. Ba4 d5 5. Nxe5 Bd7 6. Nxd7 Qxd7 7. exd5 Qxd5
8. O-O O-O-O 9. Nc3 Qd6 10. Ne4 Qg6 11. Re1 Nge7 12. d3 h5 13. c3 h4 14. h3 Rh5
15. d4 f5 16. Nc5 Nd5 17. Ne6 Rd6 18. Nxf8 1-0

[Event "Summer Team Tournament 2020"]
[Site "Skype"]
[Date "????.??.??"]
[Round "1"]
[White "Hurtado De Mendoza, Ramon Miguel"]
[Black "Cayo, Ana Carolina"]
[Result "1/2-1/2"]
[WhiteElo "1549"]
[BlackElo "1410"]
[PlyCount "60"]

1. e4 c6 2. Nf3 d5 3. e5 Bf5 4. d4 e6 5. c3 Nd7 6. Be2 Ne7 7. Nbd2 h6 8. O-O c5
9. b3 Nc6 10. Bb2 cxd4 11. cxd4 Be7 12. h3 O-O 13. Re1 Nb4 14. Rf1 Rc8 15. a3
Nd3 16. Bxd3 Bxd3 17. Re1 Rc2 18. Re3 Bg6 19. Bc1 Qc7 20. Nf1 Rc8 21. Bd2 Nf8
22. Re1 Nh7 23. Ne3 Rc6 24. Bc1 Ng5 25. Nxg5 Bxg5 26. Bb2 Bc2 27. Nxc2 Rxc2 28.
Re2 Rxe2 29. Qxe2 Qc2 30. Qxc2 Rxc2 1/2-1/2

[Event "Summer Team Tournament 2020"]
[Site "Skype"]
[Date "????.??.??"]
[Round "1"]
[White "Nobile, Mauro"]
[Black "Rodriguez, Nathalie"]
[Result "1-0"]
[WhiteElo "1000"]
[BlackElo "1335"]
[PlyCount "127"]

1. c4 e5 2. Nf3 Nc6 3. d3 d6 4. g3 Nf6 5. Bg2 Be7 6. O-O h6 7. Nc3 a6 8. a4 Bd7
9. d4 O-O 10. d5 Nd4 11. Qb3 Nxb3 12. Rb1 Nxc1 13. Rbxc1 c5 14. Ra1 Qb6 15.
Rfb1 Bf5 16. e4 Nxe4 17. Nh4 Nxc3 18. Nxf5 Bf6 19. bxc3 Qc7 20. a5 Rfe8 21. Rb6
Rab8 22. Nxd6 Re7 23. Be4 Rd7 24. Nf5 Bg5 25. d6 Qd8 26. h4 Bf6 27. Rab1 g6 28.
Nxh6+ Kg7 29. Ng4 Qc8 30. Kf1 Bd8 31. R6b3 Bxa5 32. Nxe5 Rxd6 33. Bd5 b6 34.
Nxf7 Rf6 35. Ng5 Qf5 36. Ne4 Rff8 37. R1b2 Qh3+ 38. Ke2 Qg4+ 39. Kd2 Qf5 40.
Kc1 Qe5 41. Rc2 Rf3 42. Kb2 Qf5 43. Re2 Rf8 44. Nd6 Qf6 45. Re6 Rxf2+ 46. Ka3
Bb4+ 47. cxb4 cxb4+ 48. Kxb4 a5+ 49. Kb5 Qd4 50. Re7+ Kh6 51. Ne4 Qc5+ 52. Nxc5
bxc5 53. Ra3 Rb2+ 54. Kxc5 Rc8+ 55. Kd4 Rd2+ 56. Ke3 Rd1 57. Rd7 Re8+ 58. Kf4
Rf8+ 59. Kg4 Rdf1 60. c5 R1f5 61. c6 Rc8 62. Rc3 Rff8 63. c7 Rf6 64. Bb7 1-0

[Event "Summer Team Tournament 2020"]
[Site "Skype"]
[Date "????.??.??"]
[Round "1"]
[White "Hargez, Dany"]
[Black "Llabres, Sergio"]
[Result "*"]
[WhiteElo "1177"]
[BlackElo "1000"]
[PlyCount "48"]

1. e4 e6 2. d4 d5 3. exd5 exd5 4. Nf3 Nf6 5. Bg5 Be7 6. Bxf6 Bxf6 7. c3 c6 8.
Bd3 Nd7 9. O-O O-O 10. Qc2 g6 11. h3 Bg7 12. h4 Nf6 13. Be2 Re8 14. h5 Nxh5 15.
Nh2 Nf6 16. Qd1 Ne4 17. Nd2 Nf6 18. Ndf3 Bh6 19. Ne5 Be6 20. f4 Bg7 21. Bg4
Bxg4 22. Nhxg4 Nxg4 23. Qxg4 f6 24. Nf3 Re5 *

[Event "Summer Team Tournament 2020"]
[Site "Skype"]
[Date "????.??.??"]
[Round "1"]
[White "Altinok, Selim"]
[Black "Le Brun, Yves"]
[Result "1-0"]
[WhiteElo "1884"]
[BlackElo "1611"]
[PlyCount "75"]

1. Nf3 d5 2. d4 c6 3. c4 Bf5 4. Qb3 Qc8 5. Nc3 dxc4 6. Qxc4 Nf6 7. Bf4 Nbd7 8.
Ng5 e6 9. e4 Nb6 10. Qb3 Bg6 11. Bd3 h6 12. Nf3 Be7 13. O-O O-O 14. Rac1 Qd7
15. Rfd1 Bh5 16. Be2 Bd6 17. Bxd6 Qxd6 18. e5 Qe7 19. exf6 Qxf6 20. Ne4 Qf4 21.
Qe3 Qc7 22. Ne5 Nd5 23. Qd2 Bxe2 24. Qxe2 f5 25. Nc5 Rae8 26. Qd2 Re7 27. Re1
Kh7 28. Re2 g5 29. Ned3 Rf6 30. Rce1 Qd6 31. Re5 b6 32. Nb3 Kg7 33. Qc1 f4 34.
Nd2 Rf5 35. Nc4 Qd7 36. Rxf5 exf5 37. Nce5 Qc7 38. Qxc6 1-0

[Event "Summer Team Tournament 2020"]
[Site "Skype"]
[Date "????.??.??"]
[Round "1"]
[White "Galani, Mahendra"]
[Black "Yardimci, Ertan"]
[Result "0-1"]
[WhiteElo "1458"]
[BlackElo "1591"]
[PlyCount "92"]

1. d4 Nf6 2. Nc3 g6 3. e4 d6 4. Nf3 Bg7 5. Bf4 O-O 6. e5 dxe5 7. Nxe5 Nh5 8.
Be3 c6 9. Be2 Nf6 10. O-O Nbd7 11. Ng4 Nxg4 12. Bxg4 Nf6 13. Bf3 e6 14. Ne2 Nd5
15. Bd2 e5 16. c4 Nb6 17. c5 Nd5 18. Bxd5 Qxd5 19. dxe5 Qxc5 20. Rc1 Qxe5 21.
Bc3 Qc7 22. Bxg7 Kxg7 23. Qd4+ Kg8 24. Qh4 Qe5 25. Rc2 Be6 26. b3 Bd5 27. f4
Qe4 28. Qg4 Qxc2 29. Nd4 Qe4 30. Nf3 Qe3+ 31. Kh1 Bxf3 32. gxf3 Qe6 33. Qh4 f5
34. Rg1 Qf6 35. Rg5 Rae8 36. Qg3 Qa1+ 37. Kg2 Re2+ 38. Kh3 Qf1+ 39. Kh4 Qf2 40.
Kh3 Qxg3+ 41. Kxg3 Rxa2 42. h4 Kg7 43. h5 Rd8 44. hxg6 hxg6 45. Kh3 Rdd2 46.
Rg3 Rh2# 0-1

[Event "Summer Team Tournament 2020"]
[Site "Skype"]
[Date "????.??.??"]
[Round "1"]
[White "Gokcek, Cagri"]
[Black "Milanese, Serge"]
[Result "1-0"]
[WhiteElo "1202"]
[BlackElo "1277"]
[PlyCount "51"]

1. e4 c6 2. d4 d5 3. e5 Bf5 4. Bd3 Bxd3 5. Qxd3 e6 6. Nf3 Nd7 7. c4 dxc4 8.
Qxc4 Nb6 9. Qb3 c5 10. Qb5+ Qd7 11. Nc3 a6 12. Qxb6 Qc6 13. dxc5 Bxc5 14. Qxc6+
bxc6 15. O-O Ne7 16. Ne4 Bb6 17. Nd6+ Kd7 18. Bf4 h6 19. Rad1 Kc7 20. Bg3 a5
21. Rd3 Rhd8 22. Rfd1 Bc5 23. Rc1 Bxd6 24. exd6+ Rxd6 25. Rxd6 Nf5 26. Rdxc6+
1-0

[Event "Summer Team Tournament 2020"]
[Site "Skype"]
[Date "????.??.??"]
[Round "1"]
[White "Hernandez, Ivan"]
[Black "Cengiz, Ali Ekber"]
[Result "0-1"]
[WhiteElo "1000"]
[BlackElo "1129"]
[PlyCount "88"]

1. e4 e5 2. Nf3 d6 3. c3 Be6 4. d4 Nd7 5. d5 Bg4 6. Be2 Ngf6 7. h3 Bxf3 8. Bxf3
Be7 9. O-O O-O 10. Be3 Rc8 11. Nd2 c6 12. c4 cxd5 13. cxd5 Nc5 14. Bg5 h6 15.
Bxf6 Bxf6 16. Rc1 Nd3 17. Rxc8 Qxc8 18. b3 Qc5 19. g3 Bg5 20. h4 Nb2 21. Qe1
Bxd2 22. Qxd2 Qd4 23. Qxd4 exd4 24. Rc1 f5 25. Rc2 fxe4 26. Bxe4 Nd1 27. Rd2
Nc3 28. f3 Nxe4 29. fxe4 Rf3 30. Kg2 Re3 31. Rxd4 Re2+ 32. Kf3 Rxa2 33. Ra4
Rxa4 34. bxa4 b6 35. Kf4 Kf7 36. e5 dxe5+ 37. Kxe5 Ke7 38. d6+ Kd7 39. Kd5 a6
40. g4 b5 41. axb5 axb5 42. Kc5 b4 43. Kc4 b3 44. Kxb3 Kxd6 0-1

[Event "Summer Team Tournament 2020"]
[Site "Skype"]
[Date "????.??.??"]
[Round "1"]
[White "Tiberio, Pedro"]
[Black "Hilton, Stephen"]
[Result "1/2-1/2"]
[WhiteElo "1564"]
[BlackElo "1741"]
[PlyCount "41"]

1. e4 c5 2. g3 g6 3. Bg2 Bg7 4. d3 Nc6 5. Nf3 Nf6 6. O-O O-O 7. c4 d6 8. Qb3
Rb8 9. Na3 a6 10. Bd2 Nd4 11. Nxd4 cxd4 12. f4 Nd7 13. f5 Ne5 14. fxg6 hxg6 15.
Nc2 Nc6 16. Nb4 Bd7 17. Nd5 e6 18. Nb6 Qe7 19. Nxd7 Qxd7 20. Qb6 Rfc8 21. a4
1/2-1/2

[Event "Summer Team Tournament 2020"]
[Site "Skype"]
[Date "????.??.??"]
[Round "1"]
[White "Hague, Mark"]
[Black "Silva, Givson"]
[Result "0-1"]
[WhiteElo "1490"]
[BlackElo "1403"]
[PlyCount "56"]

1. d4 e5 2. dxe5 Qe7 3. Nf3 Nc6 4. e3 Nxe5 5. Nbd2 Nf6 6. b3 Nxf3+ 7. Nxf3 b6
8. Be2 g6 9. O-O Bg7 10. Bb2 O-O 11. h3 Bb7 12. Qd4 Ne8 13. Ne5 d6 14. Nxg6
hxg6 15. Qg4 Bxb2 16. Rad1 Be5 17. f4 Bb2 18. Kf2 Nf6 19. Rh1 Nxg4+ 20. hxg4
Kg7 21. Bd3 Rh8 22. Rhg1 Rae8 23. Rde1 Be4 24. Bf1 Rh2 25. g5 Reh8 26. Be2 Bxc2
27. Bg4 Be4 28. Bh3 R8xh3 0-1

[Event "Summer Team Tournament 2020"]
[Site "Skype"]
[Date "????.??.??"]
[Round "1"]
[White "Aroucha, Abraao"]
[Black "Ryan, Lea"]
[Result "1/2-1/2"]
[WhiteElo "1376"]
[BlackElo "1371"]
[PlyCount "45"]

1. c4 e5 2. d3 Nc6 3. g3 Nf6 4. Bg2 Bd6 5. Nf3 O-O 6. O-O Re8 7. e3 e4 8. Ne1
Ng4 9. Qxg4 Ne5 10. Qd1 Nxd3 11. Nxd3 exd3 12. Qxd3 Qf6 13. Nc3 Be5 14. Rb1 c6
15. c5 Rd8 16. Ne4 Qg6 17. Bd2 d5 18. cxd6 Bf5 19. Bc3 Rxd6 20. Qxd6 Bxd6 21.
Rbd1 Bxe4 22. Bxe4 Qxe4 23. Rxd6 1/2-1/2

[Event "Summer Team Tournament 2020"]
[Site "Skype"]
[Date "????.??.??"]
[Round "1"]
[White "Codina, Teresa"]
[Black "Martins, Douglas"]
[Result "0-1"]
[WhiteElo "1189"]
[BlackElo "1000"]
[PlyCount "88"]

1. d4 Nf6 2. c4 g6 3. Nf3 Bg7 4. Bf4 O-O 5. h3 d6 6. Nc3 Nbd7 7. e3 c5 8. d5
Ne8 9. Qc1 a6 10. a4 Nb6 11. Be2 e5 12. dxe6 Bxe6 13. b3 Qf6 14. O-O Qxc3 15.
Qxc3 Bxc3 16. Rac1 Bg7 17. Rfd1 d5 18. Ng5 dxc4 19. Nxe6 fxe6 20. Bxc4 Nxc4 21.
Rxc4 Rc8 22. b4 Rf5 23. Rdc1 b5 24. axb5 axb5 25. Rxc5 Rfxc5 26. Rxc5 Rxc5 27.
bxc5 Bf8 28. c6 Nd6 29. c7 Nc8 30. Be5 Kf7 31. Kf1 Bd6 32. Bxd6 Nxd6 33. Ke1
Ke7 34. Kd2 Kd7 35. Kc3 Kxc7 36. Kb4 Kc6 37. f4 Ne4 38. g4 Nc5 39. e4 Nd3+ 40.
Kc3 Nf2 41. f5 exf5 42. gxf5 gxf5 43. h4 Kc5 44. Kb3 Nd1 0-1

[Event "Summer Team Tournament 2020"]
[Site "Skype"]
[Date "????.??.??"]
[Round "1"]
[White "Mayor Martinez, Juan Jose"]
[Black "Bagayatkar, Madan"]
[Result "1-0"]
[WhiteElo "1882"]
[BlackElo "1443"]
[PlyCount "119"]

1. e4 e5 2. Nf3 Nc6 3. Bc4 Be7 4. d3 d6 5. h3 Nf6 6. O-O O-O 7. a3 Be6 8. Bxe6
fxe6 9. Ng5 Qd7 10. Be3 d5 11. exd5 Nxd5 12. Bd2 Nd4 13. c3 Nf5 14. g3 h6 15.
Nf3 Bd6 16. Re1 Rf6 17. Nxe5 Bxe5 18. Rxe5 Qd6 19. d4 Raf8 20. Be1 Rg6 21. Kh2
Nf6 22. Qf3 Nd7 23. Qe2 Nxe5 24. dxe5 Qd5 25. Nd2 Nh4 26. Qe4 Qxe4 27. Nxe4
Nf3+ 28. Kg2 Nxe5 29. Rd1 Nf3 30. Kf1 e5 31. Rd7 Rc6 32. Nd2 Nxe1 33. Kxe1 Re8
34. a4 a5 35. c4 Kf8 36. Rd5 b6 37. b3 Rd6 38. Rb5 c5 39. Ne4 Rc6 40. Ke2 Kf7
41. f3 Ke6 42. Ke3 Rd8 43. Nc3 Rd4 44. h4 g5 45. hxg5 hxg5 46. g4 Rd8 47. Ne4
Rg8 48. Nc3 Kd7 49. Ke4 Re6 50. Nd5 Rb8 51. Kf5 Rf8+ 52. Ke4 Rb8 53. Kf5 Rf8+
54. Kxg5 Rxf3 55. Nxb6+ Kd8 56. Nd5 e4 57. Rb8+ Kd7 58. Rb7+ Kd8 59. Rb8+ Kd7
60. Rb7+ 1-0

[Event "Summer Team Tournament 2020"]
[Site "Skype"]
[Date "????.??.??"]
[Round "1"]
[White "Navghane, Rahul"]
[Black "Solis, Manuel"]
[Result "1-0"]
[WhiteElo "1527"]
[BlackElo "1481"]
[PlyCount "43"]

1. e4 d5 2. exd5 Qxd5 3. Nc3 Qa5 4. d4 Bf5 5. Nf3 e6 6. Bd2 c6 7. Be2 Nf6 8.
O-O Nbd7 9. a3 Qc7 10. Re1 Bd6 11. g3 O-O 12. Nh4 Rfe8 13. Ng2 e5 14. dxe5 Nxe5
15. Bf4 Rad8 16. Qc1 Bc5 17. Ne3 Rd4 18. Nxf5 Rd7 19. Nxg7 Kxg7 20. Bh6+ Kh8
21. Qg5 Rg8 22. Qxf6+ 1-0

[Event "Summer Team Tournament 2020"]
[Site "Skype"]
[Date "????.??.??"]
[Round "1"]
[White "Luna, Lorenzo"]
[Black "Mhabdi, Mahesh"]
[Result "1/2-1/2"]
[WhiteElo "1341"]
[BlackElo "1296"]
[PlyCount "63"]

1. e4 e5 2. Nf3 Nc6 3. Bc4 Bc5 4. Nc3 Nf6 5. h3 O-O 6. O-O d6 7. Re1 Be6 8. Nd5
Nb4 9. Nxf6+ Qxf6 10. Bxe6 fxe6 11. a3 Nc6 12. c3 a5 13. a4 d5 14. d3 d4 15.
Rf1 h6 16. Nh2 dxc3 17. Ng4 Qf7 18. bxc3 h5 19. Ne3 Qg6 20. Rb1 b6 21. Qe2 Rf6
22. Kh2 Raf8 23. f3 Bxe3 24. Bxe3 h4 25. Bf2 Qg5 26. Qe3 Rf4 27. Qe1 R8f6 28.
Be3 Rg6 29. Qf2 Qg3+ 30. Kh1 Rf7 31. Rg1 Rd7 32. Qe2 1/2-1/2

[Event "Summer Team Tournament 2020"]
[Site "Skype"]
[Date "????.??.??"]
[Round "1"]
[White "Ortega, Elvis"]
[Black "Lambert, Pierre"]
[Result "1-0"]
[WhiteElo "1887"]
[BlackElo "1829"]
[PlyCount "55"]

1. d4 Nf6 2. c4 g6 3. Nc3 Bg7 4. e4 d6 5. Nf3 O-O 6. Be2 c5 7. O-O cxd4 8. Nxd4
Nc6 9. Be3 Bd7 10. f3 a6 11. Qd2 Rc8 12. Rac1 Nxd4 13. Bxd4 Ne8 14. Rfd1 Bxd4+
15. Qxd4 Ng7 16. Nd5 Ne6 17. Qe3 Bc6 18. f4 Nc5 19. e5 Re8 20. Bg4 Bd7 21. Bxd7
Nxd7 22. exd6 exd6 23. Qd4 Re6 24. Re1 Qe8 25. Kf2 Rc5 26. b3 Rc8 27. Rcd1 Rd8
28. Nc7 1-0

[Event "Summer Team Tournament 2020"]
[Site "Skype"]
[Date "????.??.??"]
[Round "1"]
[White "Sauvaget, Joel"]
[Black "Lopez, Marco"]
[Result "1/2-1/2"]
[WhiteElo "1467"]
[BlackElo "1405"]
[PlyCount "48"]

1. d4 d5 2. c4 dxc4 3. e3 Nf6 4. Bxc4 Nd5 5. Bd2 e6 6. a3 c5 7. Nf3 a6 8. Nc3
Nb6 9. Be2 Nc6 10. O-O cxd4 11. exd4 Nxd4 12. Nxd4 Qxd4 13. Be3 Qxd1 14. Raxd1
Nd7 15. Rd2 Be7 16. Rfd1 Nf6 17. Bb6 O-O 18. Bd8 Re8 19. Bxe7 Rxe7 20. Rd8+ Re8
21. Rxe8+ Nxe8 22. Ne4 Kf8 23. Bf3 Rb8 24. Nd6 Nxd6 1/2-1/2

[Event "Summer Team Tournament 2020"]
[Site "Skype"]
[Date "????.??.??"]
[Round "1"]
[White "Sosa, Juan Carlos"]
[Black "Le Bouill, Pierre"]
[Result "1-0"]
[WhiteElo "1000"]
[BlackElo "1308"]
[PlyCount "79"]

1. e4 e5 2. Nf3 Nc6 3. Bb5 d6 4. O-O Nf6 5. d3 Bd7 6. Bg5 Nd4 7. Nxd4 exd4 8.
Bc4 h6 9. Bh4 Be7 10. Re1 O-O 11. e5 Nh7 12. Bxe7 Qxe7 13. exd6 Qxd6 14. Re4
Ng5 15. Re2 Qg6 16. Nd2 Nh3+ 17. Kf1 Qxg2+ 18. Kxg2 Nf4+ 19. Kg1 Nxe2+ 20. Qxe2
Rfe8 21. Qf3 Re7 22. Ne4 Bc6 23. Re1 b5 24. Bb3 Rf8 25. Qg4 Bd7 26. Nf6+ Kh8
27. Nxd7 Rxe1+ 28. Kg2 Rfe8 29. Bxf7 R8e7 30. Bg6 R1e2 31. Qf5 Re8 32. Bxe8
Rxe8 33. Qg6 Re7 34. Nf8 Kg8 35. Ne6 c6 36. b4 a6 37. h4 Rf7 38. h5 c5 39. bxc5
b4 40. c6 1-0

[Event "Summer Team Tournament 2020"]
[Site "Skype"]
[Date "????.??.??"]
[Round "1"]
[White "Vervoort, Jean-Louis"]
[Black "Yepez, German"]
[Result "1-0"]
[WhiteElo "1180"]
[BlackElo "1000"]
[PlyCount "37"]

1. d4 d5 2. Bf4 Nf6 3. e3 e6 4. Nf3 Be7 5. c3 O-O 6. Ne5 Nbd7 7. Bd3 Kh8 8. O-O
Qe8 9. Nd2 Ng8 10. Nxd7 Bxd7 11. Bxc7 b6 12. Be5 f6 13. Bf4 g5 14. Bg3 Rf7 15.
f4 h6 16. fxg5 hxg5 17. Qh5+ Nh6 18. Qxh6+ Kg8 19. Bg6 1-0

[Event "Summer Team Tournament 2020"]
[Site "Skype"]
[Date "????.??.??"]
[Round "1"]
[White "Rico, Edgar"]
[Black "Alvarez, Juan Evangelista"]
[Result "1-0"]
[WhiteElo "1882"]
[BlackElo "1575"]
[PlyCount "93"]

1. d4 Nf6 2. c4 g6 3. Nc3 Bg7 4. e4 d6 5. f4 O-O 6. Nf3 c5 7. d5 b5 8. cxb5 a6
9. Qc2 Bd7 10. Bd2 axb5 11. Nxb5 Na6 12. a3 Nb4 13. Qb1 Na6 14. Bc4 e6 15. dxe6
Bxe6 16. Bxe6 fxe6 17. O-O Qb6 18. a4 c4+ 19. Kh1 Nc5 20. Be3 Ng4 21. Bg1 Rxf4
22. Qc2 Qc6 23. Qxc4 Rxe4 24. Qc2 Ne3 25. Bxe3 Rxe3 26. Ra2 Qd7 27. Rd1 Ne4 28.
b4 Bf6 29. Rc1 g5 30. Re1 Rxe1+ 31. Nxe1 Qb7 32. Qd1 Qc6 33. Qf3 d5 34. Rc2 Qa6
35. Nc7 Qxa4 36. Nxa8 Qxa8 37. Qh5 Qf8 38. Rc7 Be7 39. Nf3 Qa8 40. Ne1 Qf8 41.
Qf3 Qxf3 42. gxf3 Bxb4 43. Nd3 Bd6 44. Rc8+ Kg7 45. fxe4 dxe4 46. Nc1 Bf4 47.
Ne2 1-0

[Event "Summer Team Tournament 2020"]
[Site "Skype"]
[Date "????.??.??"]
[Round "1"]
[White "Sanchez, Armando"]
[Black "Pasasin, Alejandro"]
[Result "1-0"]
[WhiteElo "1321"]
[BlackElo "1251"]
[PlyCount "103"]

1. e4 c5 2. Nf3 d6 3. Bc4 e6 4. d3 Nf6 5. Nc3 Be7 6. Be3 Bd7 7. Qd2 a6 8. Ne2
b5 9. Bb3 Nc6 10. c3 d5 11. e5 Ng4 12. Bf4 c4 13. Bc2 f6 14. exf6 Nxf6 15. a3
a5 16. Ned4 Nxd4 17. Nxd4 O-O 18. h3 b4 19. b3 cxd3 20. Qxd3 Ne4 21. axb4 axb4
22. Rxa8 Qxa8 23. O-O bxc3 24. Be5 Qe8 25. Ne2 Qh5 26. Bxc3 Bc5 27. Nd4 Qf7 28.
f3 Nf6 29. b4 Ba7 30. Kh1 e5 31. Nf5 d4 32. Bd2 Qe6 33. Bb3 Nd5 34. Bxd5 Qxd5
35. Ne7+ Kh8 36. Nxd5 g6 37. Qe4 Bb8 38. Bg5 Bd6 39. Bf6+ Kg8 40. Ne7+ Kf7 41.
Qh4 h5 42. Qg5 Bxe7 43. Bxe7 Rg8 44. Qxe5 Be6 45. Bf6 Rc8 46. Ra1 d3 47. Ra7+
Kf8 48. Bg7+ Kg8 49. Qxe6+ Kh7 50. Bf8+ Kh8 51. Qf6+ Kg8 52. Qg7# 1-0

[Event "Summer Team Tournament 2020"]
[Site "Skype"]
[Date "????.??.??"]
[Round "1"]
[White "Martinez, Danny"]
[Black "Gomez, Jorge"]
[Result "1-0"]
[WhiteElo "1000"]
[BlackElo "1000"]
[PlyCount "107"]

1. e4 d5 2. exd5 Qxd5 3. Nc3 Qd4 4. Nf3 Qf6 5. d4 Bg4 6. Be2 e6 7. Bg5 Qg6 8.
Ne5 Qxg5 9. Bxg4 Nc6 10. Nxc6 bxc6 11. Ne4 Qf4 12. Qe2 Bb4+ 13. c3 Ba5 14. O-O
Nf6 15. Bf3 O-O 16. Nxf6+ Qxf6 17. Rad1 Bb6 18. Qc4 Rad8 19. Qxc6 e5 20. Qxf6
gxf6 21. dxe5 fxe5 22. Rfe1 Rxd1 23. Bxd1 f6 24. Bb3+ Kh8 25. h3 c5 26. Re4 Rd8
27. Rg4 a5 28. Kh1 h5 29. Rg6 e4 30. Rxf6 Kg7 31. Rxb6 Rd2 32. Re6 Rxb2 33. Bc4
Rxf2 34. Rxe4 a4 35. Re7+ Kf6 36. Rf7+ Kg5 37. Rxf2 Kh4 38. Rf4+ Kg3 39. Rf3+
Kh4 40. Kh2 Kg5 41. g3 a3 42. h4+ Kg4 43. Be2 c4 44. Re3+ Kf5 45. Bxh5 Kf6 46.
g4 Kg7 47. g5 Kh7 48. Re7+ Kg8 49. g6 Kh8 50. Be2 Kg8 51. Bxc4+ Kf8 52. Ra7 Ke8
53. g7 Kd8 54. g8=Q# 1-0

[Event "Summer Team Tournament 2020"]
[Site "Skype"]
[Date "????.??.??"]
[Round "1"]
[White "Cuellar, Jose Gabriel"]
[Black "Farthouat, Titoine"]
[Result "1-0"]
[WhiteElo "1686"]
[BlackElo "1843"]
[PlyCount "81"]

1. d4 Nf6 2. Bf4 e6 3. e3 b6 4. Nf3 Be7 5. h3 c5 6. c3 O-O 7. Bd3 cxd4 8. exd4
Ba6 9. Bc2 Nc6 10. Nbd2 Na5 11. g4 d6 12. g5 Nd5 13. Bg3 Bxg5 14. Nxg5 Qxg5 15.
Bxd6 Nf4 16. Qg4 Qd5 17. Rg1 Ng6 18. Bxf8 Rxf8 19. h4 f5 20. Qg3 Qb5 21. O-O-O
Rf7 22. h5 Nf8 23. b3 Nc6 24. Nf3 h6 25. Ne5 Nxe5 26. dxe5 Qa5 27. Kb2 Be2 28.
Rd4 Bxh5 29. b4 Qb5 30. Bb3 a5 31. a4 Qe2+ 32. Ka3 axb4+ 33. cxb4 g5 34. Bd1 f4
35. Bxe2 fxg3 36. Bxh5 Rxf2 37. Rxg3 Rf5 38. Rf3 Rxe5 39. Rd8 Rf5 40. Rxf5 exf5
41. a5 1-0

[Event "Summer Team Tournament 2020"]
[Site "Skype"]
[Date "????.??.??"]
[Round "1"]
[White "Thoune, Jim"]
[Black "Aceituno, Stebe"]
[Result "1-0"]
[WhiteElo "1589"]
[BlackElo "1590"]
[PlyCount "83"]

1. d4 Nf6 2. c4 g6 3. Nc3 Bg7 4. e4 d6 5. h3 c6 6. Bg5 Nbd7 7. Bd3 O-O 8. Qd2
Re8 9. Nge2 Nb6 10. O-O-O Be6 11. d5 Bd7 12. Kb1 Rc8 13. Bh6 cxd5 14. cxd5 Nc4
15. Bxc4 Rxc4 16. f3 Bh8 17. g4 b5 18. Rc1 Qb6 19. Nd1 Rxc1+ 20. Nxc1 a5 21.
Be3 Qc7 22. h4 b4 23. h5 Be6 24. dxe6 fxe6 25. hxg6 hxg6 26. Qh2 Kf7 27. Nd3 e5
28. Bg5 Qc4 29. Qc2 Qxc2+ 30. Kxc2 Rc8+ 31. Kb3 Bg7 32. Ne3 e6 33. Nc4 d5 34.
Nd6+ Ke7 35. Nxc8+ Kf7 36. Nxe5+ Ke8 37. exd5 exd5 38. Nxg6 d4 39. Re1+ Kd7 40.
Re7+ Kxc8 41. Rxg7 Nd5 42. Kc4 1-0

[Event "Summer Team Tournament 2020"]
[Site "Skype"]
[Date "????.??.??"]
[Round "1"]
[White "Rodriguez, Liliana"]
[Black "Gerbaux, Regis"]
[Result "1-0"]
[WhiteElo "1000"]
[BlackElo "1334"]
[PlyCount "49"]

1. e4 c6 2. Bc4 d5 3. exd5 cxd5 4. Bb3 Bf5 5. d3 e6 6. Nf3 Nd7 7. a4 Ne7 8.
Nbd2 Nc6 9. O-O Bd6 10. Re1 Qf6 11. Nf1 O-O 12. Ng3 Bg4 13. c4 Rac8 14. h3 Bxf3
15. Qxf3 Nd4 16. Qd1 Ne5 17. Nh5 Nef3+ 18. Kf1 Nh2+ 19. Kg1 Ndf3+ 20. gxf3
Nxf3+ 21. Kf1 Nh2+ 22. Kg2 Qg6+ 23. Ng3 Bxg3 24. fxg3 Qxg3+ 25. Kxg3 1-0

[Event "Summer Team Tournament 2020"]
[Site "Skype"]
[Date "????.??.??"]
[Round "1"]
[White "Barba, Julio Cesar"]
[Black "Guevara, Lizbeth"]
[Result "1-0"]
[WhiteElo "1000"]
[BlackElo "1000"]
[PlyCount "119"]

1. e4 e5 2. Nf3 d6 3. Bc4 Nf6 4. d4 Nc6 5. d5 Nh5 6. dxc6 Nf6 7. Bd5 b6 8. Ng5
Bg4 9. f3 Be6 10. Bxe6 fxe6 11. Nxe6 Qe7 12. Nxf8 Qxf8 13. Nc3 Qf7 14. O-O O-O
15. Bg5 Nh5 16. Qd5 Rae8 17. Qxf7+ Rxf7 18. Nd5 Re6 19. Nxc7 Rxc7 20. b4 Rg6
21. Be3 Rxc6 22. Rac1 Rc7 23. Rfd1 Rf7 24. a4 Rxf3 25. Rd3 Rg4 26. Kh1 Rh4 27.
Kg1 Rxe4 28. gxf3 Rh4 29. Bf2 Rh3 30. Bg3 e4 31. fxe4 Nf6 32. Re1 h5 33. Bxd6
Rxd3 34. cxd3 h4 35. Be7 Nh7 36. Bxh4 g5 37. Bg3 Nf6 38. e5 Ng4 39. e6 Nf6 40.
e7 Kf7 41. Bd6 Ne8 42. Bg3 a5 43. b5 Kf6 44. Kf2 g4 45. Bh4+ Kf5 46. Ke3 Kg6
47. Kd4 Kh5 48. Bg3 Kg5 49. Ke5 Ng7 50. Kd6 Nf5+ 51. Kc7 Nd4 52. e8=Q Nf3 53.
Re4 Nd2 54. Re5+ Kf6 55. Qe6+ Kg7 56. Bf4 Kh7 57. Bxd2 Kh8 58. Rg5 Kh7 59. Qg8+
Kh6 60. Qg6# 1-0

[Event "Summer Team Tournament 2020"]
[Site "Skype"]
[Date "????.??.??"]
[Round "1"]
[White "Segura Lozano, Marcos Antonio"]
[Black "Melle, Ezio"]
[Result "1/2-1/2"]
[WhiteElo "1808"]
[BlackElo "1659"]
[PlyCount "32"]

1. d4 d5 2. e3 Nf6 3. Bd3 g6 4. c4 c6 5. Nc3 Bg7 6. Nf3 O-O 7. O-O Nbd7 8. Qe2
dxc4 9. Bxc4 Nb6 10. Bb3 Nfd5 11. e4 Nxc3 12. bxc3 c5 13. dxc5 Bxc3 14. Bh6 Nd7
15. Rad1 Bg7 16. Bxg7 Kxg7 1/2-1/2

[Event "Summer Team Tournament 2020"]
[Site "Skype"]
[Date "????.??.??"]
[Round "1"]
[White "Garganese, Paolo"]
[Black "Salazar Ticeran, Antonio"]
[Result "0-1"]
[WhiteElo "1461"]
[BlackElo "1589"]
[PlyCount "46"]

1. e4 c5 2. Nc3 Nc6 3. f4 d6 4. Nf3 Bg4 5. Bb5 a6 6. Bxc6+ bxc6 7. O-O g6 8.
Qe1 Bg7 9. d3 Bxf3 10. Rxf3 Bd4+ 11. Kh1 Nf6 12. h3 h5 13. e5 Ng4 14. hxg4
hxg4+ 15. Rh3 gxh3 16. Be3 hxg2+ 17. Kxg2 dxe5 18. fxe5 Bxe5 19. Bxc5 Qc7 20.
d4 Bd6 21. Ne4 Bxc5 22. Nxc5 Qa7 23. Qe5 O-O-O 0-1